| 000 | 01672nam a22002777a 4500 | ||
|---|---|---|---|
| 001 | 8689 | ||
| 003 | FISKH | ||
| 005 | 20251010141906.0 | ||
| 008 | 251010b cb ||||| |||| 00| 0 eng d | ||
| 040 |
_aFISKH _bkhr _cFISKH _dFISKH |
||
| 050 | _aPZ7 | ||
| 082 | _a028.5 | ||
| 100 | _aMinistry of Education , Youth and Sport | ||
| 245 |
_aតារាទៅបណ្ណាល័យ / _cក្រសួងអប់រំ យុវជន និងកីឡា |
||
| 260 |
_aភ្នំពេញ : _bក្រសួងអប់រំ យុវជន និងកីឡា , |
||
| 300 |
_a8 pages : _bcolor illustrations ; _c25 cm . |
||
| 505 | _aF | ||
| 520 | _aដារាកំពុងលេងលាសម្រាប់បង្កើតរថយន្តលាពីលា។ ម្តាយរបស់គាត់បានប្រាប់ឲ្យគាត់ទៅបណ្ណាល័យ។ គាត់បានរកឃើញសៀវភៅគាត់ចូលចិត្តហើយមិនបានចេញលេងទេ។ សៀវភៅដែលទាក់ទាញចិត្តគាត់បំផុតគឺអំពីរថយន្ត។ | ||
| 520 | _aDara was playing with the clay to make a clay car. His mother told him to visit the library. He found his interesting book and didn't go out to play. The book that got all his attention was about car. | ||
| 521 | 8 |
_a300
_bLexile estimate |
|
| 521 | 8 |
_aF
_bRaz-Plus |
|
| 650 |
_a តារាទៅបណ្ណាល័យ _vរឿងនិទានកុមារ |
||
| 650 |
_aDara goes to library _vChildren's Stories |
||
| 942 |
_2ddc _cKHB _n0 |
||
| 999 |
_c8689 _d8689 |
||